000 00609nam a2200157 a 4500
008 120416s2004 ||||||||||||||||| || u
050 _aIBRD(08)PRWP/3398
100 _aZaman, Hassan
245 1 4 _aThe scaling-up of Microfinance in Bangladesh: determinants, impact, and lessons
260 _aWashington, D. C.
_bWorld Bank
_c2004
300 _a22p. : ill.
350 _a0.00
650 _aMICROFINANCE--BANGLADESH
650 0 _aFINANCE--DEVELOPING COUNTRIES
995 _D0.00
_FCBU-MAIN LIBRARY (Kitwe)
_H1
_I0.00
_UAVAILABLE
_ZInternational Publications
999 _c56995
_d56995